header

Holy mavericks (Record no. 76643)

MARC details
000 -LEADER
fixed length control field 01668nam a2200385Ia 4500
100 1# - MAIN ENTRY--AUTHOR NAME
Personal name Lee, Shayne.
245 10 - TITLE STATEMENT
Title Holy mavericks
260 ## - PUBLICATION, DISTRIBUTION, ETC. (IMPRINT)
Place of publication New York :
Name of publisher New York University Press,
Year of publication c2009.
300 ## - PHYSICAL DESCRIPTION
Number of Pages viii, 199 p. :
Other physical details ill.
650 #0 - SUBJECT ADDED ENTRY--TOPICAL TERM
Topical Term Evangelicalism
Topical Term Protestant churches
Topical Term Church marketing
Topical Term Popular culture
Topical Term Popular culture
700 1# - ADDED ENTRY--PERSONAL NAME
Personal name Sinitiere, Phillip Luke.
856 40 - ELECTRONIC LOCATION AND ACCESS
Uniform Resource Identifier http://site.ebrary.com/lib/rucke/Doc?id=10294865

No items available.

© 2026 Rongo University
Contact us: librarian | system librarian | Rongo university